000
00326nam a2200169Ia 4500
100
_a
Edwards/Lewin A.R.W
650
_a
Embedded
942
_c
BK
366
_f
20
654
_a
embedded
245
_a
So
260
_b
Newnes
_c
2006
082
_a
3.3
_b
EDW
300
_a
248
546
_a
ENGLISH
_c
Computers
999
_c
29201
_d
29201